000 00205 a2200097 4500
001 22857
100 _aWildes, H E
245 _aTyphoon in Tokyo
260 _a
_bAllens unwin
_c1954
090 _c15464
_d15464
942 _aNUST-CAE
_cM
_c6074
999 _c257930
_d257930